| 000 | 00450nam a2200193Ia 4500 | ||
|---|---|---|---|
| 005 | 20240823014802.0 | ||
| 008 | 240823s9999||||xx |||||||||||||| ||und|| | ||
| 020 | _a81-224-0166-X | ||
| 041 | _aENGLISH | ||
| 082 | _A621.312 P4 | ||
| 100 | _aPillai S K | ||
| 245 | 2 | _aA First Course on Electrical Drives | |
| 250 | _a2nd | ||
| 260 |
_c2004 _b"New Age,New " |
||
| 500 | _aYES | ||
| 650 |
_aDrives _bElectrical |
||
| 942 | _cBK | ||
| 999 |
_c170900 _d170900 |
||